MARC details
| 000 -LEADER |
| fixed length control field |
04718nam a2200457 i 4500 |
| 003 - CONTROL NUMBER IDENTIFIER |
| control field |
EG-GICUC |
| 005 - أخر تعامل مع التسجيلة |
| control field |
20260204160153.0 |
| 008 - FIXED-LENGTH DATA ELEMENTS--GENERAL INFORMATION |
| fixed length control field |
260204s2025 ua |||f m||| 00| 0 ara d |
| 040 ## - CATALOGING SOURCE |
| Original cataloguing agency |
EG-GICUC |
| Transcribing agency |
EG-GICUC |
| Modifying agency |
EG-GICUC |
| Description conventions |
rda |
| Language of cataloging: |
ara |
| 041 0# - LANGUAGE CODE |
| Language code of text/sound track or separate title |
ara |
| 049 ## - Acquisition Source |
| Acquisition Source |
إهداء |
| 082 04 - DEWEY DECIMAL CLASSIFICATION NUMBER |
| Classification number |
342.35062 |
| Edition number |
21 |
| 097 ## - Degree |
| Degree |
Ph.D |
| 099 ## - LOCAL FREE-TEXT CALL NUMBER (OCLC) |
| Local Call Number |
Law 08 PHD 2025 |
| 100 0# - MAIN ENTRY--PERSONAL NAME |
| Authority record control number or standard number |
خالد جمال هابس السويفان |
| Preparation |
مؤلف. |
| 245 10 - TITLE STATEMENT |
| Title |
دور القضاء في حماية الحقوق والحريات العامة (دراسة مقارنة) / |
| Statement of responsibility, etc. |
إعداد خالد جمال هابس السويفان؛ إشراف الأستاذ الدكتور جابر جاد نصار. |
| 264 #0 - PRODUCTION, PUBLICATION, DISTRIBUTION, MANUFACTURE, AND COPYRIGHT NOTICE |
| Place of production, publication, distribution, manufacture |
القاهرة: |
| Name of producer, publisher, distributor, manufacturer |
كلية الحقوق- جامعة القاهرة، |
| Date of production, publication, distribution, manufacture, or copyright notice |
2025. |
| 300 ## - PHYSICAL DESCRIPTION |
| Extent |
285 صفحة؛ |
| Dimensions |
25 سم. |
| 336 ## - CONTENT TYPE |
| Content type term |
text |
| Source |
rda content |
| 337 ## - MEDIA TYPE |
| Media type term |
Computer |
| Source |
rda media |
| 338 ## - CARRIER TYPE |
| Carrier type term |
Online Resource |
| Source |
rda carrier |
| 500 ## - General note |
| General note |
رسائل نسخة منفردة |
| 500 ## - General note |
| General note |
تحتوي علي صفحة عنوان باللغة الإنجليزية |
| 502 ## - DISSERTATION NOTE |
| Dissertation note |
أطروحة (دكتوراة)- جامعة القاهرة، كلية الحقوق، قسم القانون الدستوري، 2025. |
| 504 ## - BIBLIOGRAPHY, ETC. NOTE |
| Bibliography, etc. note |
ببليوجرافيا: صفحات 248-276 |
| 520 3# - SUMMARY, ETC. |
| Summary, etc. |
In recent years, the world has witnessed a new era characterized by tremendous advancements in the field of information technology, which has had a profound and evident impact on various aspects of social, economic, and legislative life.<br/><br/>The rapid transmission of information has become one of the most striking phenomena that captured global attention at the end of the last century and the beginning of the current one. The exchange of information and knowledge has become remarkably easy and efficient, while the rapid dissemination of information through various communication channels has led to the free and secure flow of data, news, knowledge, research, and cultural messages.<br/><br/>In the modern era, a widespread misunderstanding has emerged regarding digital freedom of expression and the digital oversight imposed to protect public freedoms, alongside the misuse of information systems as a whole, as well as the restrictions imposed by states on the Internet, which hinder citizens' ability to exercise their freedoms properly<br/><br/>The Kuwaiti Constitution has affirmed a number of personal rights and freedoms. Article (30) provides that "Personal liberty is guaranteed." Article (36) stipulates that "Freedom of opinion and scientific research is guaranteed, and every person has the right to express and disseminate his opinion by speech, writing, or other means, in accordance with the conditions and regulations prescribed by law." Article (37) further provides that "Freedom of the press, printing, and publication is guaranteed in accordance with the conditions and regulations prescribed by law." The Kuwaiti legislator completed this constitutional framework through Article (39), which enshrines the right to privacy by stating that "Freedom of postal, telegraphic, and telephone communications is safeguarded, and their confidentiality is guaranteed; communications mayNot to be monitored nor their secrecy disclosed except in the cases specified by law and in accordance with the procedures prescribed therein.<br/><br/>The subject of this study is divided into an introductory chapter and two main sections. The introductory chapter addresses public freedoms in the context of the contemporary digital world, including the definition of the scope of such freedoms, the legal implications of modern communication technologies, respect for freedom of expression and media publication, rights associated with digital practices, the construction of digital identity, and modern democracy. The first section examines digital surveillance for the protection of personal data and privacy, while the second section addresses the role of the judiciary in the field of digital surveillance. |
| 546 ## - LANGUAGE NOTE |
| Text Language |
النص بالعربية والملخص بالإنجليزية. |
| 650 04 - SUBJECT ADDED ENTRY--TOPICAL TERM |
| Topical term or geographic name entry element |
القانون الدستوري |
| 653 ## - INDEX TERM--UNCONTROLLED |
| Uncontrolled term |
Public Rights and Freedoms |
| 653 ## - INDEX TERM--UNCONTROLLED |
| Uncontrolled term |
Internet |
| 653 ## - INDEX TERM--UNCONTROLLED |
| Uncontrolled term |
Digital Space |
| 653 ## - INDEX TERM--UNCONTROLLED |
| Uncontrolled term |
Digital Surveillance |
| 653 ## - INDEX TERM--UNCONTROLLED |
| Uncontrolled term |
Cyber Surveillance |
| 655 #4 - INDEX TERM--GENRE/FORM |
| Genre/form data or focus term |
رسائل جامعية |
| Geographic subdivision |
جامعة القاهرة |
| General subdivision |
القانون الدستوري |
| 700 0# - ADDED ENTRY--PERSONAL NAME |
| Personal name |
جابر جاد نصار |
| Relator term |
مشرف. |
| 710 2# - ADDED ENTRY--CORPORATE NAME |
| Corporate name or jurisdiction name as entry element |
جامعة القاهرة. |
| Subordinate unit |
كلية الحقوق |
| 856 ## - ELECTRONIC LOCATION AND ACCESS |
| Uniform Resource Identifier |
<a href="https://fll.law.cu.edu.eg/fulltext/th/T08-01595.pdf">https://fll.law.cu.edu.eg/fulltext/th/T08-01595.pdf</a> |
| 900 ## - Thesis Information |
| Grant date |
2025 |
| Universities |
جامعة القاهرة |
| Faculties |
كلية الحقوق |
| Department |
قسم القانون الدستوري |
| 905 ## - Cataloger and Reviser Names |
| Cataloger Name: |
Hoda |
| 942 ## - ADDED ENTRY ELEMENTS (KOHA) |
| Source of classification or shelving scheme |
Dewey Decimal Classification |
| Koha item type |
Thesis |
| Edition |
21 |
| Suppress in OPAC |
No |